Holding their ground : secure land tenure for the urban poor in developing countries (Record no. 101994)

MARC details
000 -LEADER
fixed length control field 01217cam a2200301 4500
008 - FIXED-LENGTH DATA ELEMENTS--GENERAL INFORMATION
fixed length control field 020415n2002 000 0 eng u
020 ## - INTERNATIONAL STANDARD BOOK NUMBER
International Standard Book Number 1853838918
035 ## - SYSTEM CONTROL NUMBER
System control number (Sirsi) u117477
041 ## - LANGUAGE CODE
Language code of text/sound track or separate title eng.
050 ## - LIBRARY OF CONGRESS CALL NUMBER
Classification number 333.32
100 ## - MAIN ENTRY--PERSONAL NAME
Personal name Durand-Lasserve, A.
-- Editor
245 ## - TITLE STATEMENT
Title Holding their ground : secure land tenure for the urban poor in developing countries
260 ## - PUBLICATION, DISTRIBUTION, ETC.
Place of publication, distribution, etc. London
Name of publisher, distributor, etc. Earthscan Publications
Date of publication, distribution, etc. 2002
300 ## - PHYSICAL DESCRIPTION
Extent xvi,264p.
Dimensions 24cm.
350 ## - PRICE (NR) (BK AM CF MU VM SE) [OBSOLETE]
Price 17.95
520 ## - SUMMARY, ETC.
Summary, etc. Security of land tenure for the urban poor is becoming one of the major problems for developing cities in Africa, Asia and Latin America. This text presents and analyses the main conclusions of a comparative assessment programme on land tenure issues at a global level. Looks at how solutions can be found and implemented to respond to the demands and needs of the majority of urban households living in informal settlements.
650 ## - SUBJECT ADDED ENTRY--TOPICAL TERM
Topical term or geographic name entry element LAND TENURE
650 ## - SUBJECT ADDED ENTRY--TOPICAL TERM
Topical term or geographic name entry element LAND ECONOMICS
650 ## - SUBJECT ADDED ENTRY--TOPICAL TERM
Topical term or geographic name entry element DEVELOPING COUNTRIES
650 ## - SUBJECT ADDED ENTRY--TOPICAL TERM
Topical term or geographic name entry element URBAN LAND
650 ## - SUBJECT ADDED ENTRY--TOPICAL TERM
Topical term or geographic name entry element PROPERTY RIGHTS
650 ## - SUBJECT ADDED ENTRY--TOPICAL TERM
Topical term or geographic name entry element INDIA
650 ## - SUBJECT ADDED ENTRY--TOPICAL TERM
Topical term or geographic name entry element BRAZIL
650 ## - SUBJECT ADDED ENTRY--TOPICAL TERM
Topical term or geographic name entry element SOUTH AFRICA
690 ## - LOCAL SUBJECT ADDED ENTRY--TOPICAL TERM (OCLC, RLIN)
Topical term or geographic name as entry element PROPERTY
700 ## - ADDED ENTRY--PERSONAL NAME
Personal name Royston, L.
International Standard Serial Number Editor
942 ## - ADDED ENTRY ELEMENTS (KOHA)
Suppress in OPAC 0
Holdings
Withdrawn status Lost status Source of classification or shelving scheme Damaged status Not for loan Home library Current library Shelving location Date acquired Cost, normal purchase price Total Checkouts Full call number Barcode Date last seen Date last checked out Copy number Cost, replacement price Price effective from Koha item type
    Dewey Decimal Classification     London London Books 08/05/2002 15.26 8 333.32 DUR 30065679 06/08/2019 23/04/2010 1 15.26 06/08/2019 Book